El viajero del siglo / (Registro nro. 10522)

Detalles MARC
000 -LIDER
fixed length control field 00860cam a2200313 i 4500
001 - NÚMERO DE CONTROL
Identificador de número de control 0000434
003 - IDENTIFICACDOR DE NÚMERO DE CONTROL
control field DO-SdBNP
005 - DATE AND TIME OF LATEST TRANSACTION
control field 20240527132710.0
007 - CAMPOS FIJOS DE DESCRIPCIÓN FÍSICA
fixed length control field 0000434
008 - ELEMENTOS DE LONGITUD FIJA
fixed length control field 100514s2009 mx | |||| 000 f spa
015 ## - NÚMERO DENTRO DE LA BIBLIOGRAFÍA NACIONAL
National bibliography number
017 ## - NÚMERO DE REGISTRO DE DERECHOS DE AUTOR
Copyright or legal deposit number
Assigning agency
020 ## - ISBN
International Standard Book Number 9786071102263
035 ## - NÚMERO LOCAL
System control number
040 ## - FUENTE DE CATALOGACIÓN
Agencia que crea de manera original el registro BPMSU
Idioma de catalogación spa
Agencia que realiza la transcripción BPMSU
Convenciones de la despripción
080 ## - NÚMERO DE CLASIFICACIÓN DECIMAL UNIVERSAL
Universal Decimal Classification number
092 ## - LOCALLY ASSIGNED DEWEY DECIMAL CALL NUMBER
Número de clasificación Ar863
Número de ítem (Cutter) N489v
100 1# - ASIENTO PRINCIPAL -- NOMBRE PERSONAL
Nombre personal Neuman, Andrés
Fechas asociadas con el nombre 1977-
245 13 - MENCIÓN DE TITULO
Título El viajero del siglo /
Mención de responsabilidad Andrés Neuman
Medio (Designación general de material)
260 ## - PUBLICACIÓN, DISTRIBUCIÓN, ETC. (PIE DE IMPRENTA)
Lugar de publicación, distribución, etc México:
Nombre del editor, distribuidor, etc. Alfaguara,
Fecha de publicación, distribución, etc 2009.
300 ## - DESCRIPCIÓN FÍSICA
Extensión 531 p. :
Dimensiones 24 cm
500 ## - NOTA GENERAL
Nota general Incluye datos biográficos del autor en la solapa de la cubierta
586 ## - AWARDS NOTE
Awards note Premio Alfaguara, de Novela 2009.
590 ## - NOTA LOCAL
Texto de la nota local Inventariado, 2024/VM
650 #4 - ENCABEZAMIENTO DE MATERIA--TEMÁTICO
Término temático o nombre geográfico como elemento de entrada Novela argentina
650 #4 - ENCABEZAMIENTO DE MATERIA--TEMÁTICO
Término temático o nombre geográfico como elemento de entrada Literatura argentina
910 ## - VALIDACIÓN
Validación VMateo V. Control de calidadB BPMSU
942 ## - ADDED ENTRY ELEMENTS (KOHA)
Source of classification or shelving scheme Dewey Decimal Classification
Koha item type Libros
Existencias
Withdrawn status Lost status Source of classification or shelving scheme Damaged status Not for loan Collection code Home library Current library Date acquired Source of acquisition Total Checkouts Full call number Barcode Date last seen Price effective from Koha item type Copy number
    Dewey Decimal Classification     Colección General Biblioteca Pública Metropolitana Salomé Ureña Biblioteca Pública Metropolitana Salomé Ureña 06/23/2016 ALFAGUARA   BPMSU CG A863.44 N489v 2010 BPMSU16060403 06/23/2016 06/23/2016 Libros  
    Dewey Decimal Classification     Colección General Biblioteca Pública Metropolitana Salomé Ureña Biblioteca Pública Metropolitana Salomé Ureña 06/23/2016 ALFAGUARA   BPMSU CG A863.44 N489v 2010 BPMSU24050017 05/27/2024 06/23/2016 Libros e.2
    Dewey Decimal Classification     Colección General Biblioteca Pública Metropolitana Salomé Ureña Biblioteca Pública Metropolitana Salomé Ureña 06/23/2016 ALFAGUARA   BPMSU CG A863.44 N489v 2010 BPMSU24050018 05/27/2024 06/23/2016 Libros e.3